| 000 | 00950nam a22002417a 4500 | ||
|---|---|---|---|
| 999 |
_c21552 _d21552 |
||
| 003 | AR-CdUCM | ||
| 008 | 190312b ||||| |||| 00| 0 spa d | ||
| 020 | _a9789972573286 | ||
| 040 |
_aMUNICIPALIDAD PROVINCIAL DEL CUSCO _cBIBLIOTECA MUNICIPAL DEL CUSCO |
||
| 082 |
_a332.673/S21 _bS21 |
||
| 245 |
_aPresencia e impacto de la inversión española en el Perú / _cRosario Santa Gadea, editora |
||
| 260 |
_aLima : _bUniversidad del Pacífico, _bCámara Oficial de Comercio de España en el Perú, _c2015. |
||
| 300 |
_a219 páginas. : _bdiagramas ; _c21 cm. |
||
| 500 | _zBibliografía: p. 209-214. | ||
| 650 |
_aInversiones extranjeras _97179 |
||
| 650 |
_aInversiones españolas _945332 |
||
| 650 |
_aPerú _945333 |
||
| 700 |
_aSanta Gadea Duarte, Rosario (editora) _945334 |
||
| 710 |
_aUniversidad del Pacífico (Lima) _910408 |
||
| 710 |
_aCámara Oficial de Comercio de España en el Perú _945335 |
||
| 942 |
_2ddc _cLIBROS |
||
| 945 | _aRoel | ||